00694naa a2200193 i 45000010005000000030009000050050017000140080041000310210007000720350022000790400013001010410008001140430008001221000017001302450051001475200169001986500059003677730074004263561ES-MaBCM20241016090754.0880211s1987 gbr 000 0 eng d axx a(OCoLC)1365159298 cES-MaBCM0 aeng agbr1 aOtway, Harry10aCriterio for technological choicecHarry Otway a¿Qué factores determinan si una actividad peligrosa es "aceptable"?. No es una custión sencilla responder a esta cuestión. Se proponen una serie de criterios 7aActividades molestas, insalubres, nocivas y peligrosas0 aEn:tPublic administrationdLondon : 1987gnº 2 ; p. 131-144w104498